15 of The Largest Sea Animals In The World - Statistics

General Stats
  • This quiz has been taken 106 times
  • The average score is 8 of 15
Answer Stats
Picture Answer % Correct
Orca/Killer Whale
97%
Blue Whale
94%
Whale Shark
91%
Great White Shark
83%
Portuguese Man-of-War
78%
Sperm Whale
73%
Giant Manta Ray
57%
Ocean Sunfish
55%
Japanese Spider Crab
53%
Basking Shark
45%
Giant Pacific Octopus
28%
Giant Oarfish
27%
Lion’s Mane Jelly
26%
Fin Whale
22%
Giant Sea Star/Giant Spined Star
7%
No matching quizzes found
Score Distribution
Percent of People with Each Score
Percentile by Number Answered
Your Score History
You have not taken this quiz